| 000 | 00709nam a22002175i 4500 | ||
|---|---|---|---|
| 001 | 172103 | ||
| 003 | ES-MaACL | ||
| 005 | 20231227144954.0 | ||
| 008 | 090615s1983 sp |||| | spa d | ||
| 020 | _a84-309-0552-9 | ||
| 080 | _a944"1789/99" | ||
| 100 | 1 |
_aSoboul, Albert. _9106991 |
|
| 245 | 1 | 0 |
_aCompendio de la historia de la Revolución francesa / _cAlbert Soboul ; [traducción por Enrique Tierno Galván]. |
| 250 | _a1ª ed., 4ª reimp. | ||
| 260 |
_aMadrid : _bTecnos, _c1983. |
||
| 300 |
_a464 p. ; _c23 cm. |
||
| 651 | 4 |
_aFrancia- _xHistoria- _y1789-1799, Revolución _98685 |
|
| 700 | 1 |
_aTierno Galván, Enrique, _d1918-1986 _9110235 |
|
| 852 | 4 |
_aES-MaACL _jL-11249 |
|
| 999 |
_c172103 _d172103 |
||